| 000 | 00447nam a2200169 a 4500 | ||
|---|---|---|---|
| 005 | 20140412111237.0 | ||
| 008 | 030411s19uu xx 00 eng d | ||
| 020 | _a0-590-02653-4 | ||
| 050 |
_aM 599.5 _bM34 1996 |
||
| 100 | _aMarkle, Sandra | ||
| 245 |
_aSharks : _boutside and inside / _cSandra Markle. |
||
| 260 |
_aNew York : _bScholastic Inc, _c1996. |
||
| 300 | _a40 p. ; ill. | ||
| 650 | _aMammals | ||
| 650 | _aAnimals | ||
| 999 |
_c102504 _d102504 |
||